banner-ar

سرقات مشروعة : (Record no. 61891)

MARC details
000 -الفاتح
حقل البيانات ثابتة الطول 00877nam a22002297a 4500
005 - وقت وتاريخ اخر تعامل مع التسجيلة
رقم الضبط 20240530110521.0
008 - عناصر البيانات ثابتة الطول - معلومات عامة
حقل البيانات ثابتة الطول 160217s2012 ua a f 000 0 ara d
017 ## - رقم الايداع القانونى
رقم الايداع القانونى 2012/5404
المصدر ( الهيئة المختصة) مصر . دار الكتب المصرية
020 ## - الرقم الدولى المعيارى للكتب
الرقم الدولى المعيارى للكتاب 9789774277375
040 ## - مصدر الفهرسة
وكالة الفهرسة الأصلية EG-CaGPL
082 04 - رقم تصنيف ديوى العشرى
رقم الطبعة 21
رقم التصنيف 364.133
رقم المادة ق/أ س
100 0# - المدخل الرئيسى - إسم شخصى
الإسم الشخصى اشرف العشماوى .
245 10 - بيان العنوان
العنوان سرقات مشروعة :
بقية العنوان حكايات عن سرقة اثار مصر و تهريبها و محاولات استردادها /
بيان المسئوليه,etc اشرف العشماوى .
250 ## - بيان الطبعة
بيان الطبعة ط1.
260 ## - PUBLICATION, DISTRIBUTION, ETC. (IMPRINT)
تاريخ النشر أو التوزيع 2012 .
300 ## - الوصف المادى
التعداد 311 ص ؛
أبعاد الوعاء 24 سم .
650 04 - المدخل الاضافى بالموضوع-مصطلح موضوعى
مصطلح موضوعي سرقة الاثار .
651 04 - المدخل الاضافى بالموضوع - اسم جغرافى
الاسم الجغرافي مصر الفرعونية .
651 04 - المدخل الاضافى بالموضوع - اسم جغرافى
الاسم الجغرافي الاثار الفرعونية .
942 ## - عناصر المدخل الإضافي( كوها)
مصدر التصنيف او مخطط الترفيف Dewey Decimal Classification
Koha [default] item type كتاب
260 ## - PUBLICATION, DISTRIBUTION, ETC. (IMPRINT)
-- القاهرة :
-- الدار المصرية اللبنانية ،
Holdings
حالة التراجع حالة الفقد حالة تلف ليس للاعارة المكان المؤقت الموقع الحالى تاريخ الاكتساب اجمالي اﻻعارات رقم الطلب الباركود تاريخ اخر مشاهدة تاريخ تفعيل السعر نوع وعاء كوها
        مكتبة القاهرة الكبرى مكتبة القاهرة الكبرى 02/17/2016   364.133 ق/أ س 161328 02/17/2016 02/17/2016 كتاب

Powered By

EGPV